| 000 | 01131nab a22002177a 4500 | ||
|---|---|---|---|
| 999 |
_c5770 _d5770 |
||
| 003 | OSt | ||
| 005 | 20260105214108.0 | ||
| 008 | 190514b xxu||||| |||| 00| 0 spa d | ||
| 040 | _cPJ | ||
| 100 |
_96685 _aMartino, Bettina Andrea |
||
| 245 | 1 | 0 |
_aNiñas, niños y adolescentes frente a los discursos de odio en redes sociales digitales / _cBettina Andrea Martino. |
| 300 | _ap. 49-58 | ||
| 505 | _aSumario: I. Introducción.— II. Caracterización general de los discursos de odio.— III. Odio digital.— IV. La deshumanización y la propagación del odio en los espacios digitales: algunos apuntes.— V. Niñas, niños y adolescentes: propuestas para pensar sobre los discursos de odio en las redes sociales. | ||
| 505 | _tSi te interesa el texto, comunicate a koha@justierradelfuego.gov.ar | ||
| 650 | 0 |
_9967 _aDERECHO DE FAMILIA |
|
| 650 | 0 |
_92741 _aDERECHOS DE LAS NIÑAS, NIÑOS Y ADOLESCENTES |
|
| 650 | 0 |
_aTECNOLOGIA DE LA INFORMACION _9289 |
|
| 650 | 0 |
_aVIOLENCIA DIGITAL _96528 |
|
| 773 | 0 |
_02844 _93222 _dBuenos Aires : AbeledoPerrot, 1989- _tDerecho de familia. N° 113 - Marzo 2024 _z18511201 |
|
| 942 |
_2udc _cANA |
||